| 000 | 00594nam a22001697a 4500 | ||
|---|---|---|---|
| 005 | 20260303141912.0 | ||
| 008 | 260303b |||||||| |||| 00| 0 eng d | ||
| 020 | _a9789387791121 | ||
| 040 | _cVITAP | ||
| 082 |
_223 _a500 RAM |
||
| 100 |
_aRam, N Ed. _917182 |
||
| 245 |
_aThe Hindu Speaks on Scientific Facts, Volume - II _c/ N.Ram Ed. |
||
| 260 |
_aChennai _bTHG Publishing Group Pvt. Ltd. _c2025 |
||
| 300 | _axii, 304p, ill.: 21cm | ||
| 650 | 0 |
_aSpace Science & Astronomy, Physics, Chemistry, Biology & Life Sciences, Environmental Science, Medical Science etc. _917183 |
|
| 942 |
_2ddc _cBK |
||
| 999 |
_c47317 _d47317 |
||